Wagner's Das Rheingold (Record no. 92000)

MARC details
000 -LEADER
fixed length control field 00656nam a2200205Ia 4500
008 - FIXED-LENGTH DATA ELEMENTS--GENERAL INFORMATION
fixed length control field 191130s1993##################000#0#eng##
020 ## - INTERNATIONAL STANDARD BOOK NUMBER
ISBN 9780198166030
082 ## - DEWEY DECIMAL CLASSIFICATION NUMBER
Classification number 780.1 DAR
100 ## - MAIN ENTRY--AUTHOR NAME
Personal name Darcy, Warren
245 ## - TITLE STATEMENT
Title Wagner's Das Rheingold
Statement of responsibility, etc Warren Darcy
260 ## - PUBLICATION, DISTRIBUTION, ETC. (IMPRINT)
Place of publication Oxford
Name of publisher Clarendon Press ; Oxford University Press
Year of publication 1993
300 ## - PHYSICAL DESCRIPTION
Number of Pages xv, 259 p. : ill. ; 24 cm
500 ## - GENERAL NOTE
General note Includes bibliographical references (p. [248]-254) and index
650 ## - SUBJECT ADDED ENTRY--TOPICAL TERM
Topical Term Wagner, Richard, 1813-188 Ring des Nibelungen. Rheingold
991 ## -
-- 341471
Holdings
Withdrawn status Lost status Damaged status Not for loan Home library Current library Shelving location Date acquired Full call number Accession Number Price effective from Koha item type
        Anna Centenary Library Anna Centenary Library 6TH FLOOR, B WING 09.10.2020 780.1 DAR 199640 09.10.2020 English Books

Find us on the map